00335nam a22000977a 4500082001600000100004100016245008500057260005600142300000800198650003100206 a489.321 ARN aArndt, William F.aF. Wibur Gingrich aA Greek- English Lexicon of the New Testment and other early Christian Litrature aUnited StatebThe University of Chicago Pressc1952 a909 aDictionary - Greek English